• 首页
  • 本馆介绍
  • 公告通知
  • 最新文献
  • 馆藏检索
  • 电子资源
  • 读者荐购
  • 参考咨询
  • CALIS
  • 我的图书馆
  • 登录
  • 详细信息显示
  • 放入我的书架
  • 预约/预借图书
  • 作者相关作品
  • 分类相关作品
  • 丛书相关作品
  • 出版社相关作品

书目信息

  • 表格格式
  • 工作单格式
  • 卡片格式
题名:
汽车运用技术专业人才培养方案及课程标准
    
 
作者: 杨意品 主编
分册:  
出版信息: 北京   人民交通出版社  2014.03
页数: 127页
开本: 26cm
丛书名:
单 册:
中图分类: U471.2
科图分类:
主题词: 汽车--应用--课程标准--高等职业教育--教材
电子资源:
ISBN: 978-7-114-11179-2
 
 
 
 
 
000 01060nam0 2200277 450
001 0100140793
005 20141020221643.0
010    @a978-7-114-11179-2@dCNY110.00
100    @a20140603d2014 em y0chiy50 ea
101 0  @achi
101 11 @achi
102    @aCN@b110000
105    @ay z 000yy
106    @ar
200 1  @a汽车运用技术专业人才培养方案及课程标准@Aqi che yun yong ji shu zhuan ye ren cai pei yang fang an ji ke cheng biao zhun@b专著@f杨意品主编@Fyang yi pin zhu bian
210    @a北京@c人民交通出版社@d2014.03
215    @a127页@d26cm
300    @a示范性高等职业院校重点建设专业校企合作教材
330    @a本书分为汽车运用技术专业人才培养方案说明和专业课程标准两部分,介绍了《汽车机械识图》、《汽车电工与电子技术》、《汽车发动机构造与维修》、《汽车故障诊断与检测技术》等课程标准。
540    @a汽车运用技术专业人才培养方案及课程标准
606 0  @a汽车@x应用@x课程标准@x高等职业教育@j教材
690    @aU471.2@v5
701  0 @a杨意品@Ayang yi pin@4主编
801    @aCN
901    @a001
905    @b1104154-6@dU471.2@eY314@f3@a241430
    
    汽车运用技术专业人才培养方案及课程标准/杨意品主编.-北京:人民交通出版社,2014.03
    127页;26cm
    示范性高等职业院校重点建设专业校企合作教材
    
    ISBN 978-7-114-11179-2:CNY110.00
    本书分为汽车运用技术专业人才培养方案说明和专业课程标准两部分,介绍了《汽车机械识图》、《汽车电工与电子技术》、《汽车发动机构造与维修》、《汽车故障诊断与检测技术》等课程标准。
●
相关链接 在E读中查询图书 在当当中查询图书 在豆瓣中查询图书


正题名:汽车运用技术专业人才培养方案及课程标准     索取号:U471.2/Y314         预约/预借

序号 登录号 条形码 馆藏地/架位号 状态 备注
1 1104154   211041549   自科库501/501自科库 56排7列4层/ [索取号:U471.2/Y314] 在馆    
2 1104155   211041558   自科库501/501自科库 56排7列4层/ [索取号:U471.2/Y314] 在馆    
3 1104156   211041567   期刊室512/501自科库 56排7列3层/ [索取号:U471.2/Y314] 在馆    
河南城建学院图书馆 欢迎您!
大连网信软件有限公司© 版权所有